| 000 | 00874nam a2200277 a 4500 | ||
|---|---|---|---|
| 001 | 000039191 | ||
| 003 | DO-SdBNP | ||
| 005 | 20240307173900.0 | ||
| 007 | ta | ||
| 008 | 130607s2011 dr 000 0 spa d | ||
| 020 | _a9789993439592 | ||
| 040 |
_aDO-SdBNP _bspa _cBNPHU _erda |
||
| 082 | 4 | _222 | |
| 245 | 0 | 0 |
_aConsejos que me dio mi padre : _bla cartilla esencial / _cSelección Antonio Thomen ; prólogo, César Mella Mejías. |
| 250 | _a3a ed. rev. y amp. | ||
| 264 |
_aSanto Domingo : _bGráfica William, _c2011. |
||
| 300 |
_a102 páginas ; _c22 cm. |
||
| 336 |
_2rdacontent _atexto _btxt |
||
| 337 |
_2rdamedia _asin mediación _bn |
||
| 338 |
_2rdacarrier _avolumen _bnc |
||
| 590 | _aInventariado,2023/BT | ||
| 700 | 1 |
_aThomen, Antonio, _919711 _eselección |
|
| 700 | 1 |
_aMella Mejías, César _d1950- _eprólogo _9210 |
|
| 910 | _aBtavárez | ||
| 942 |
_2ddc _cLBS1 |
||
| 999 |
_c38681 _d38681 |
||